| 000 | 005630000a22001810004500 | ||
|---|---|---|---|
| 090 |
_aAR _b03755 |
||
| 245 | 1 | 0 | _aMolecular evolution of the jaguar (Panthera onca) in Colombia using microsatellite markers |
| 650 | 1 | 4 |
_aGenética de poblaciones _912552 |
| 650 | 1 | 4 |
_aBiología evolutiva _996124 |
| 650 | 1 | 4 |
_aMicrosatélites _975506 |
| 651 | 4 |
_pColombia _992749 |
|
| 653 |
_gPanthera _ePanthera onca |
||
| 041 | 0 | _aInglés | |
| 700 | 1 |
_aPayán, Esteban _938617 |
|
| 100 | 1 |
_aRuíz García, Manuel _915537 |
|
| 942 | _cARTICULO | ||
| 773 | 1 |
_tPreprint _q1-45 _d[2003?] |
|
| 999 |
_c12791 _d12791 |
||